Rekonštrukcia polyfunkčného bytového domu na Mierovej ul. v Bratislave

Gespeichert in:
Bibliographische Detailangaben
1. Verfasser: Zábojníková, Michaela (Verfasst von)
Weitere Verfasser: Abrahoim, Iyad (Betreuung Doktorarbeit)
Format: Manuskript Buch
Sprache:Slowakisch
Veröffentlicht: 2024
Schlagworte:
Online-Zugang:http://is.stuba.sk/zp/portal_zp.pl?podrobnosti=176768
https://opac.crzp.sk/?fn=detailBiblioForm&sid=24A0BAF10DE628094278E551EC40
Tags: Tag hinzufügen
Keine Tags, Fügen Sie das erste Tag hinzu!

MARC

LEADER 00000ntm a22000003a 4500
001 stuzp99688
003 SK-STU
005 20240930103438.5
007 ta
008 150427s2015----xo-----f-mn---000-0-slo-d
040 |a STU  |b slo 
041 0 |a slo 
100 1 |a Zábojníková, Michaela  |u 010110  |4 aut  |U SvF Stavebná fakulta  |T SvF Katedra betónových konštrukcií a mostov  |X 98499  |U V110  |Y 11  |7 98499 
242 0 1 |a Reconstruction - Multifunctional apartment building, Mierová ul., Bratislava  |y eng 
245 1 0 |a Rekonštrukcia polyfunkčného bytového domu na Mierovej ul. v Bratislave 
260 |c 2024 
650 4 |a rekonštrukcia  |2 slo 
650 4 |a polyfunkčný bytový dom  |2 slo 
650 4 |a zosilnenie  |2 slo 
650 4 |a analýza  |2 slo 
650 4 |a multifunctional residential building  |2 eng 
650 4 |a reconstruction  |2 eng 
650 4 |a reinforcement  |2 eng 
650 4 |a analysis  |2 eng 
700 1 |a Abrahoim, Iyad  |u 010110  |k Z1  |4 ths  |U SvF Stavebná fakulta  |T SvF Katedra betónových konštrukcií a mostov  |X 981  |U V110  |Y 11  |7 A000000981 
856 4 |u http://is.stuba.sk/zp/portal_zp.pl?podrobnosti=176768 
856 4 |u https://opac.crzp.sk/?fn=detailBiblioForm&sid=24A0BAF10DE628094278E551EC40